000 00795cam a2200265 a 4500
001 000008674
005 20200929161400.0
008 941013s1994 ec 000 1 spa d
020 _a9978870881
035 _a(DLC) 94236866
035 _a(OCoLC)31279085
040 _aDO-SdBNP
_bspa
_cLC
_dBNPHU
082 _aE863.6
_bM779L
100 1 _aMontesinos Malo, Arturo.
_923083
245 1 0 _aLejos de la cumbre /
_cArturo Montesinos.
260 _aQuito :
_bEl Conejo,
_c1994.
300 _a222 p. ;
_c21 cm.
490 1 _aGrandes Autores Ecuatorianos
650 4 _aNovela ecuatoriana
_95017
650 4 _aLiteratura ecuatoriana
_93938
650 4 _aCortejo amoroso
_xNovela
_923113
830 0 _aGrandes Autores Ecuatorianos
_923114
910 _aCatalogación por copia / LC
049 _aBNGR
999 _c8444
_d8444